Red Hat Linux: the complete reference (Record no. 6468)
[ view plain ]
| 000 -LEADER | |
|---|---|
| fixed length control field | 00784 a2200229 4500 |
| 020 ## - INTERNATIONAL STANDARD BOOK NUMBER | |
| International Standard Book Number | 0-07-219179-1 (bok) |
| 020 ## - INTERNATIONAL STANDARD BOOK NUMBER | |
| International Standard Book Number | 0-07-219180-5 (CD-ROM 1) |
| 020 ## - INTERNATIONAL STANDARD BOOK NUMBER | |
| International Standard Book Number | 0-07-222386-3 (CD-ROM 2) |
| 020 ## - INTERNATIONAL STANDARD BOOK NUMBER | |
| International Standard Book Number | 0-07-219178-3 (set) |
| 035 ## - SYSTEM CONTROL NUMBER | |
| System control number | (DLC) 2002275126 |
| 040 ## - CATALOGING SOURCE | |
| Original cataloging agency | DLC |
| Language of cataloging | DLC |
| 082 00 - DEWEY DECIMAL CLASSIFICATION NUMBER | |
| Classification number | 005.4/469 |
| 100 1# - MAIN ENTRY--PERSONAL NAME | |
| Personal name | Petersen, Richard, |
| 245 10 - TITLE STATEMENT | |
| Title | Red Hat Linux: the complete reference |
| Remainder of title | the complete reference |
| Statement of responsibility, etc. | Richard Petersen |
| 250 ## - EDITION STATEMENT | |
| Edition statement | 2. ed. |
| 260 ## - PUBLICATION, DISTRIBUTION, ETC. | |
| Place of publication, distribution, etc. | New York : |
| Name of publisher, distributor, etc. | McGraw-Hill/Osborne, |
| Date of publication, distribution, etc. | cop. 2002 |
| 300 ## - PHYSICAL DESCRIPTION | |
| Extent | xxx, 1117 s. : |
| Other physical details | ill. ; |
| Dimensions | 23 cm + |
| Accompanying material | 2 CD-ROMS |
| 500 ## - GENERAL NOTE | |
| General note | "Includes Red Hat Linux 7.2" |
| 650 #0 - SUBJECT ADDED ENTRY--TOPICAL TERM | |
| Topical term or geographic name entry element | Operating systems (Computers) |
| 856 41 - ELECTRONIC LOCATION AND ACCESS | |
| Materials specified | Table of contents |
| Uniform Resource Identifier | <a href="http://www.loc.gov/catdir/toc/mh023/2002275126.html">http://www.loc.gov/catdir/toc/mh023/2002275126.html</a> |
| 942 ## - ADDED ENTRY ELEMENTS (KOHA) | |
| Koha item type | Book |
| Call number prefix | 005.4469 PET |
| Source of classification or shelving scheme | |
| Withdrawn status | Lost status | Damaged status | Not for loan | Collection code | Permanent Location | Current Location | Shelving location | Date acquired | Source of acquisition | Cost, normal purchase price | Total Checkouts | Full call number | Barcode | Date last seen | Date last checked out | Price effective from | Koha item type |
|---|---|---|---|---|---|---|---|---|---|---|---|---|---|---|---|---|---|
| Central Library (CL) | Central Library (CL) | First Floor - Operating System/ Data Structure | 07/22/2004 | Donation | 0.00 | 1 | 005.4469 PET | SEECS004641 | 12/09/2014 | 09/21/2014 | 01/05/2017 | Book |
